Earth : an introduction to physical geology

Αποθηκεύτηκε σε:
Λεπτομέρειες βιβλιογραφικής εγγραφής
Κύριος συγγραφέας: Tarbuck, Edward J.
Άλλοι συγγραφείς: Lutgens, Frederick K., Tasa, Dennis (Εικονογράφος)
Μορφή: Βιβλίο
Γλώσσα:English
Δημοσίευση: Upper Saddle River, N.J. : Pearson Prentice Hall, 2008
Έκδοση:9th international ed.
Θέματα:
Ετικέτες: Προσθήκη ετικέτας
Δεν υπάρχουν, Καταχωρήστε ετικέτα πρώτοι!

MARC

LEADER 00000nam a2200000 i 4500
001 1/94246
008 080919s2008 eng d
020 |a 978-0-13-241066-3 (cdrom) 
020 |a 0-13-241066-4 (cdrom) 
020 |a 978-0-13-156692-7 
020 |a 0-13-156692-X 
035 |l 10100308 
040 |a GR-MY-UA  |b gre  |e aacr 
041 0 |a eng 
082 0 |a 550  |2 (22) 
100 1 |a Tarbuck, Edward J. 
245 1 0 |a Earth :  |b an introduction to physical geology /  |c Edward J. Tarbuck, Frederick K. Lutgens ; illustrated by Dennis Tasa 
250 |a 9th international ed. 
260 |a Upper Saddle River, N.J. :   |b Pearson Prentice Hall,   |c 2008 
300 |a xxi, 714 σ.;  |b έγχρ. εικ., έγχρ. χάρτες, πίν.;  |c 28 εκ.+  |e 1 οπτική δισκέτα λέϊζερ Η/Υ (4 3/4 ίν.) 
504 |a Περιέχει βιβλιογραφικές παραπομπές και ευρετήριο 
650 0 0 |a Physical geology. 
700 1 |a Lutgens, Frederick K. 
700 1 |a Tasa, Dennis.  |4 ill 
852 |a INST  |b LESVOS  |e 20080919  |h 550 TAR  |p 005100044409  |q 005100044409  |t BK  |y 0 
852 |a INST  |b LESVOS  |e 20080919  |h 550 TAR   |p 005100044408  |q 005100044408  |t BK  |y 0 
901 |a BIBL1-2008-3 
909 |a Λ  |b 145429 
909 |a Λ  |b 145430 
922 |a 1ΕΛΗ  |b 200801  |c ΕΠΕΑΕΚ2/ΤΠ  |d ΠΑΠΑΣΩΤΗΡΙΟΥ 
970 |a ΓΙΑΛΑΜΑ  |b ΜΑΡΙΑ  |z 2008/09/19